000 00525nam a2200205Ia 4500
005 20250923144427.0
008 008 250917s9999 xx 000 0 eng d
037 _aReference
040 _aDSWL
_beng
_cDSWL
041 _aeng
_2eng
084 _aV2:2:N5, J2
_qDSWL
100 _aJoshi, G.N
_9824783
245 0 _aConstution of India
_cby G.N Joshi
260 _c1952
300 _a468 p.
365 _aINR
_b12.6
925 _g12.6
942 _cREF
_hV2:2:N5, J2
999 _c1438725
_d1438725